000
00258nam a2200109Ia 4500
008
190216s9999||||xx |||||||||||||| ||und||
100
_a
Null
245
0
_a
Lenin Selected Works Vol I To V
260
_b
Foreign Languages Pub
650
_a
History
942
_c
BK
999
_c
18802
_d
18802